000 00763nam a2200289Ia 4500
001 Z_2891
003 CHAP
008 220113s1974 xx 000 0 und d
010 _a165967
040 _cCHAP
082 _a636.2 M23y
100 _aMcDowell, Robert E
_973497
245 _aBases biológicas de la producción animal en zonas tropicales /
_cpor Robert E McDowell
260 _aZaragoza :
_bAcribia,
_c1974
300 _a692 p. :
_bilus. ; gráfs.
440 _a
500 _aTrad. De : la ed. En inglés de 1972
503 _a120516
650 _aGanadería
_xTrópicos
_944856
650 _aTrópicos
_xGanadería I. t.
_9138193
901 _a636.2 M23y
902 _aA
910 _a1974
942 _c1
942 _cc1
999 _c165967
_d165967